000 00582nim a2200217 i 4500
001 bgj
100 1 _aRADLEY, Paul
245 1 0 _aHorizons /
_cPaul Radley [et al.].
260 _aOxford :
_bOxford University Press,
_cc. 2004.
300 _aset of 2 CDs.
650 9 _aEnglish language
655 _aTextbooks for foreigners
700 1 _aSIMONS, Daniela.
_eco-author
700 1 _aWIERUSZEWSKA, MaƂgorzata.
_eco-author
020 _a0194387208
040 _cBPK
041 0 _aeng
920 _a0-19-438720-8
942 _cCD
008 s uk f |000 0 eng
999 _c41213
_d41213
856 _uhttp://koha.tu.koszalin.pl/cgi-bin/koha/opac-detail.pl?biblionumber=41213
_yKatalog online BPK